Gaming Quiz

Random Gaming or Pokémon Quiz

Click the 'R' Pokémon Quiz Stats

 Plays Quiz not verified by Sporcle

Score 0/28 Timer 03:00
0 Plays Today
% Correct
Rattata
88.9%
Raticate
88.6%
Raichu
86.8%
Rapidash
84.3%
Roselia
81.7%
Rhyhorn
80.4%
Regice
80.3%
Regirock
79.8%
Registeel
79%
Rayquaza
78.5%
Rhyperior
77.5%
Ralts
77%
Rhydon
76.4%
Remoraid
76.2%
% Correct
Raikou
75.9%
Relicanth
75.8%
Ribombee
74.8%
Rotom
74.5%
Riolu
74.2%
Regigigas
74.2%
Roggenrola
73.2%
Rampardos
73%
Reshiram
71.1%
Rowlet
71.1%
Roserade
70.3%
Rufflet
67.1%
Reuniclus
65.8%
Rockruff
65.3%

You're not logged in!

Compare scores with friends on all Sporcle quizzes.
OR
Log In

Show Comments

Extras

Top Quizzes Today


Score Distribution

Your Account Isn't Verified!

In order to create a playlist on Sporcle, you need to verify the email address you used during registration. Go to your Sporcle Settings to finish the process.

Report this User

Report this user for behavior that violates our Community Guidelines.

Details: